Govt. of
Madhya Pradesh

Normal view MARC view

Entry Personal Name

Number of records used in: 2

001 - CONTROL NUMBER

  • control field: 83425

003 - CONTROL NUMBER IDENTIFIER

  • control field: OSt

005 - DATE AND TIME OF LATEST TRANSACTION

  • control field: 20251024131634.0

008 - FIXED-LENGTH DATA ELEMENTS

  • fixed length control field: 251024|| aca||aabn | a|a d

040 ## - CATALOGING SOURCE

  • Original cataloging agency: OSt
  • Transcribing agency: OSt

100 ## - HEADING--PERSONAL NAME

  • Personal name: Housel,Morgan

670 ## - SOURCE DATA FOUND

  • Source citation: Work cat.: (OSt)68329: Housel,Morgan , Psychology of Money , 2025